Género y familia. Poder, amor y sexualidad en la construcción de la subjetividad /
সংরক্ষণ করুন:
| প্রধান লেখক: | |
|---|---|
| সংস্থা লেখক: | , |
| অন্যান্য লেখক: | |
| বিন্যাস: | পাঠ্য |
| প্রকাশিত: |
Buenos Aires:
Paidós
|
| বিষয়গুলি: | |
| ট্যাগগুলো: |
ট্যাগ যুক্ত করুন
কোনো ট্যাগ নেই, প্রথমজন হিসাবে ট্যাগ করুন!
|
MARC
| LEADER | 00000 a a2200000 04500 | ||
|---|---|---|---|
| 001 | 30161 | ||
| 003 | |||
| 040 | |||
| 020 | |a 950-12-4215-3 | ||
| 090 | |a 194508 | ||
| 100 | |a Burin, Mabel | ||
| 110 | |a Universidad Hebrea Argentina Bar Ilán | ||
| 245 | |a Género y familia. Poder, amor y sexualidad en la construcción de la subjetividad / |c Universidad Hebrea Argentina Bar Ilán | ||
| 260 | |a Buenos Aires: |b Paidós | ||
| 300 | |a 437 p. | ||
| 650 | |a VIOLENCIA | ||
| 650 | |a FAMILIA | ||
| 650 | |a GENERO | ||
| 650 | |a DISCRIMINACION BASADA EN EL GENERO | ||
| 650 | |a CAMBIO CULTURAL | ||
| 700 | |a Meler, Irene | ||
| 710 | |a Universidad de Buenos Aires | ||
| 999 | |c 11898 |d 11898 | ||



